000 01204nam2a2200337 4500
001 RU\NLR\bibl\319202
005 20250621142431.0
010 _a5-7107-5794-2
_910000
021 _aRU
_b2002-30717
_91524
021 _aRU
_b2002-51597
_92498
035 _a(NLR Aleph) 000314267
090 _a56940
_c56940
100 _a20021008d2002 |||y0rusy50 ca
101 0 _arus
102 _aRU
105 _aa |||||||||
200 0 _aЧ. 1
210 _d2002
_aБ. м.
215 _a189 с.
_cцв. ил.
461 0 _1001RU\NLR\bibl\328592
_12001#$aЧтение и литература$vЧ. 1
_9112466
_aДжежелей, О.В.
_cМ.
_d2002
_e2-е изд., стер.
_fО.В. Джежелей
_nДрофа
_o3 кл. : Учеб. для четырехлет. нач. шк. : [В 2 ч.]
_tЧтение и литература
_y5-7107-5793-4
_vЧ. 1
610 0 _aЧтение - Хрестоматии
675 _a373.167.1:811.1
_v3
_zrus
675 _a811.161.1(075.2)
_v3
_zrus
686 _a14.25
_2rugasnti
686 _a81.2Рус-922
_2rubbk
801 0 _aRU
_bRKP
_c20021008
_gPSBO
801 1 _aRU
_bRKP
_c20021008
801 2 _aRU
_bNLR
_c20021104
_grcr
942 _cBOOK
980 _aNB